Pracovné a sociálne podmienky a BOZP v daňových výdavkoch
Výdavky zamestnávateľa na pracovné a sociálne podmienky a starostlivosť o zdravie zamestnancov sú daňovo uznaným výdavkom v rozsahu a za podmienok ustanovených v zákone č. 595/2003 Z. z. o dani z príjmov v znení neskorších predpisov. Podľa tohto ustanovenia daňovými výdavkami sú výdavky vynaložené n...
Uložené v:
| Hlavný autor: | |
|---|---|
| Médium: | Kapitola |
| Jazyk: | Slovak |
| Predmet: | |
| Tagy: |
Žiadne tagy, Buďte prvý, kto otaguje tento záznam!
|
MARC
| LEADER | 00000naa a2200000 4500 | ||
|---|---|---|---|
| 001 | 0157401 | ||
| 005 | 20231109103519.5 | ||
| 041 | 0 | |a slo | |
| 044 | |a SK | ||
| 245 | 1 | 0 | |a Pracovné a sociálne podmienky a BOZP v daňových výdavkoch |c Iveta Petrovická |
| 520 | |a Výdavky zamestnávateľa na pracovné a sociálne podmienky a starostlivosť o zdravie zamestnancov sú daňovo uznaným výdavkom v rozsahu a za podmienok ustanovených v zákone č. 595/2003 Z. z. o dani z príjmov v znení neskorších predpisov. Podľa tohto ustanovenia daňovými výdavkami sú výdavky vynaložené na: bezpečnosť a ochranu zdravia pri práci a hygienické vybavenie pracovísk, starostlivosť o zdravie zamestnancov, vzdelávanie a rekvalifikáciu zamestnancov, výchovu a vzdelávanie žiakov v stredných odborných školách a žiakov v odborných učilištiach, stravovanie, mzdové a ostatné pracovnoprávne nároky. | ||
| 610 | 2 | 0 | |a dane |
| 610 | 2 | 0 | |a výdavky daňové |
| 610 | 2 | 0 | |a zamestnanci |
| 610 | 2 | 0 | |a zamestnávatelia |
| 610 | 2 | 0 | |a ochrana zdravia |
| 610 | 2 | 0 | |a vzdelávanie |
| 610 | 2 | 0 | |a stravovanie zamestnancov |
| 610 | 2 | 0 | |a mzdy |
| 610 | 2 | 0 | |a legislatíva |
| 610 | 2 | 0 | |a školy odborné |
| 610 | 2 | 0 | |a školy učňovské |
| 100 | 1 | |a Petrovická, Iveta | |